00759cam a22002173a 45000010005000000030006000050050017000110080041000280400015000690420007000840500009000911000022001002450150001222600029002725060030003015160020003316530057003516530064004088300028004728560041005008179PGUSA20140828083153.0050501s2005||||xxu|||||s|||||000 | eng d aPGUSAbeng adc 4aF2061 aHewatt, Alexander13aAn Historical Account of the Rise and Progress of the Colonies of South Carolina and Georgia, Volume 1h[electronic resource] /cAlexander Hewatt bProject Gutenberg,c2005 aPublic domain in the USA. aElectronic text aGeorgia -- History -- Colonial period, ca. 1600-1775 aSouth Carolina -- History -- Colonial period, ca. 1600-1775 0aProject Gutenbergv817940uhttp://www.gutenberg.org/ebooks/8179